Creación de metodologías didácticas para la enseñanza del uso de tecnologías informáticas en el Centro Escolar San Francisco de Ciudad Arce, depto. La Libertad (Registro nro. 20750)

Detalles MARC
000 -CABECERA
Longitud fija campo de control 01380nam a22002417a 4500
003 - IDENTIFICADOR DELl NÚMERO DE CONTROL
Identificador del número de control OSt
005 - FECHA Y HORA DE LA ÚLTIMA TRANSACCIÓN
Fecha y hora de la última transacción 20160620105529.0
008 - CÓDIGOS DE INFORMACIÓN DE LONGITUD FIJA
Códigos de información de longitud fija 150407b2012 slv spa
040 ## - FUENTE DE LA CATALOGACIÓN
Centro transcriptor BMC
082 ## - NÚMERO DE LA CLASIFICACIÓN DECIMAL DEWEY
Númeroo de clasificación 371.334
100 1# - PUNTO DE ACCESO PRINCIPAL-NOMBRE DE PERSONA
9 (RLIN) 34181
Nombre de persona Rugamas Galdámez, Iliana María
245 10 - MENCIÓN DE TÍTULO
Título Creación de metodologías didácticas para la enseñanza del uso de tecnologías informáticas en el Centro Escolar San Francisco de Ciudad Arce, depto. La Libertad
Resto del título : Libro de texto para primer ciclo
Mención de responsabilidad, etc. Iliana María Rugamas Galdámez, Hortensia Beatriz Salinas Córdova ; asesora, Elica Zuleyma Candray de Alarcon
260 ## - PUBLICACIÓN, DISTRIBUCIÓN, ETC. (PIE DE IMPRENTA)
Lugar de publicación, distribución, etc. Santa Ana (El Salvador)
Nombre del editor, distribuidor, etc. Universidad Católica de El Salvador
Fecha de publicación, distribución, etc. 2012
300 ## - DESCRIPCIÓN FÍSICA
Extensión 1 folleto (26 h.)
Otras características físicas il. col.
Dimensiones 27 cm
Material anejo + 2 discos compactos
500 ## - NOTA GENERAL
Nota general Precede al tít.: Universidad Católica de El Salvador, Facultad de Ciencias y Humanidades
502 ## - NOTA DE TESIS
Nota de tesis Trabajo de graduación para optar al grado académico de Licenciatura en Ciencias de la Educación con Especialidad en Educación Básica
504 ## - NOTA DE BIBLIOGRAFÍA, ETC
Nota de bibliograf&iacute;a, etc. Incluye Guía Metodológica con inventario 1032063<br/>
650 24 - PUNTO DE ACCESO ADICIONAL DE MATERIA - T&Eacute;RMINO DE MATERIA
9 (RLIN) 7344
Término de materia o nombre geográfico como elemento inicial Enseñanza asistida por computadora
700 1# - PUNTO DE ACCESO ADICIONAL - NOMBRE DE PERSONA
9 (RLIN) 34184
Nombre de persona Salinas Córdova, Hortensia Beatriz
700 1# - PUNTO DE ACCESO ADICIONAL - NOMBRE DE PERSONA
9 (RLIN) 34075
Nombre de persona Candray de Alarcón, Elica Zuleyma
710 2# - PUNTO DE ACCESO ADICIONAL - NOMBRE DE ENTIDAD
9 (RLIN) 1075
Nombre de entidad o nombre de jurisdicci&oacute;n como elemento inicial Universidad Católica de El Salvador
Unidad subordinada Facultad de Ciencias y Humanidades
942 ## - ENTRADA DE ELEMENTOS AGREGADOS (KOHA)
Fuente de clasificai&oacute;n o esquema Dewey Decimal Classification
Koha [por defecto] tipo de item 4- Trabajo de Graduación
Parte de clasificaci&oacute;n prozim
Existencias
Suprimido Perdido Fuente de clasificaci&oacute;n o esquema Estropeado Restricciones de uso No para pr&eacute;stamo C&oacute;digo de colecci&oacute;n Localizaci&oacute;n permanente Localizaci&oacute;n actual Localizaci&oacute;n en estanter&&iacute;acute;as Fecha adquisici&oacute;n Fuente de adquisici&oacute;n N&uacute;mero de inventario Pr&eacute;stamos totales Renovaciones totales Signatura completa C&oacute;digo de barras Fecha &uacute;ltima consulta Fecha &uacute;ltimo pr&eacute;stamo Fecha del precio de reemplazo Tipo de item de Koha
NULL NULL Dewey Decimal Classification NULL Prestable NULL NULL Biblioteca Miguel de Cervantes - UNICAES Biblioteca Miguel de Cervantes - UNICAES Sala Principal 23/06/2015 Donación - Iliana María Rugamas Galdamez, Hortensia Beatriz Salinas Córdova 000787 1 1 P-000787 (v. 2) 1032063 04/03/2016 29/02/2016 23/06/2015 4- Trabajo de Graduación
NULL NULL Dewey Decimal Classification NULL Prestable NULL NULL Biblioteca Miguel de Cervantes - UNICAES Biblioteca Miguel de Cervantes - UNICAES Sala Principal 24/08/2015 Donación - Iliana María Rugamas Galdámez, Hortensia Beatriz Salinas Córdova 001403     P-001403 (v. 1) 1033417 24/08/2015   24/08/2015 4- Trabajo de Graduación